00579nam a22001817a 450000500170000001000150001702000270003203500140005903700090007308200110008210000420009324500580013526000400019327000560023330000230028950000180031270000670033020250120153038.0 aENG-143437 c1800.00a9788195972265 aEN-126969 bDBAD a615.53 aKavyatirtha, Virajacarana Guptad2023 aVanausadhi darpana /cKavyatirtha, Virajacarana Gupta bThe Asiatic Society c2023aKolkata aThe Asiatic Society 1, Park StreetbKolkatae700001 a431p.c25 cm (pbk) aRilision book aEdited by Brahmananda gupta and Abichal ChattopadhyaybEdited